<?xml version="1.0" encoding="UTF-8"?>
<collection xmlns:xsi="http://www.w3.org/2001/XMLSchema-instance" xsi:schemaLocation="http://www.loc.gov/MARC21/slim http://www.loc.gov/standards/marcxml/schema/MARC21slim.xsd" xmlns="http://www.loc.gov/MARC21/slim">
 <record>
  <leader>00000cmm a22000004i 4500</leader>
  <controlfield tag="001">UP-99796217611094612</controlfield>
  <controlfield tag="003">Buklod</controlfield>
  <controlfield tag="005">20140127113220.0</controlfield>
  <controlfield tag="006">m    go  j        </controlfield>
  <controlfield tag="007">cr |n |||auu|a</controlfield>
  <controlfield tag="008">101103s2011    xx         u |      eng d</controlfield>
  <datafield tag="020" ind1=" " ind2=" ">
   <subfield code="a">9784431539018(eBook)</subfield>
  </datafield>
  <datafield tag="035" ind1=" " ind2=" ">
   <subfield code="a">(iLib)UPD-00212403875</subfield>
  </datafield>
  <datafield tag="040" ind1=" " ind2=" ">
   <subfield code="a">DLC</subfield>
   <subfield code="d">DML</subfield>
  </datafield>
  <datafield tag="041" ind1=" " ind2=" ">
   <subfield code="a">eng</subfield>
  </datafield>
  <datafield tag="042" ind1=" " ind2=" ">
   <subfield code="a">DMLUC</subfield>
  </datafield>
  <datafield tag="084" ind1=" " ind2=" ">
   <subfield code="a">QK 658</subfield>
   <subfield code="b">S56 2011eb</subfield>
  </datafield>
  <datafield tag="100" ind1="1" ind2=" ">
   <subfield code="a">Isagi, Yuji.</subfield>
   <subfield code="e">editor.</subfield>
  </datafield>
  <datafield tag="245" ind1="0" ind2="0">
   <subfield code="a">Single-pollen genotyping</subfield>
   <subfield code="h">[electronic resource]</subfield>
   <subfield code="c">Yuji Isagi, Yoshihisa Suyama, editor.</subfield>
  </datafield>
  <datafield tag="264" ind1=" " ind2="1">
   <subfield code="a">Tokyo</subfield>
   <subfield code="b">Springer Japan</subfield>
   <subfield code="c">2011.</subfield>
  </datafield>
  <datafield tag="300" ind1=" " ind2=" ">
   <subfield code="a">1 online resource (xii, 127 p.)</subfield>
   <subfield code="b">ill.</subfield>
  </datafield>
  <datafield tag="505" ind1="0" ind2=" ">
   <subfield code="a">1 Signifi cance of Single-Pollen Genotyping in Ecological Research -- 2 Procedure for Single-Pollen Genotyping -- 3 Pollination Effi ciencies of Insects Visiting Magnolia obovata, as Determined by Single-Pollen Genotyping -- 4 Difference in Pollen Donor Composition During the Early Phases of Reproduction as Revealed by DNA Analysis of Pollen Grains and Seeds in the Monoecious Tree Castanea crenata -- 5 Expanded Home Range of Pollinator Birds Facilitates Greater Pollen Flow of Camellia japonica in a Forest Heavily Damaged by Volcanic Activity -- 6 Can Tiny Thrips Provide Suffi cient Pollination Service During a General Flowering Period in Tropical Rainforest?- 7 Alien Dandelions Displace a Native Related Species Through Interspecifi c Pollen Transfer -- 8 Single-Pollen Genotyping of Holocene Lake Sediments -- 9 Potential Application of Pollen Genotyping for Evolutionary Genetic and Genomic Studies: Linkage/Recombination Analysis and Haplotype Sequencing -- Index.</subfield>
  </datafield>
  <datafield tag="506" ind1=" " ind2=" ">
   <subfield code="a">IP-based subscription, access limited to within on-campus computer network.</subfield>
   <subfield code="c">Access via Electronic Resources of the UPD University Library Website.</subfield>
  </datafield>
  <datafield tag="520" ind1=" " ind2=" ">
   <subfield code="a">Pollination is one of the most important processes in plant reproduction. It directly influences reproductive success and fitness and the genetic structure of the plant population. Methods exist to infer the pattern and distance of pollen dispersal, but direct observation of the movements of individual pollen grains during pollination is not feasible owing to their small size. Single-pollen genotyping is a novel technique for genotyping a single pollen grain. In this book, the principles, the experimental protocol, and several applications of this method in studies of plant ecology, reproductive biology, and evolutionary genetics have been described. More specifically, the information is useful for the analysis of linkage disequilibrium, intraspecific genetic variation, chromosome mapping, and the origins of polyploidy. It is also essential for achieving sustainable and optimal crop yield and is vital to agriculture and forestry. Written by pioneer researchers, the book provides novel research approaches that are proving useful in a growing number of fields. This volume is intended to encourage new and continued applications of single-pollen genotyping among many disciplines in the future.</subfield>
  </datafield>
  <datafield tag="533" ind1=" " ind2=" ">
   <subfield code="a">Electronic reproduction.</subfield>
   <subfield code="b">New York</subfield>
   <subfield code="c">SpringerLink</subfield>
   <subfield code="d">2011.</subfield>
   <subfield code="n">Available via World Wide Web through Springerlink.</subfield>
  </datafield>
  <datafield tag="650" ind1=" " ind2="0">
   <subfield code="a">Pollen.</subfield>
  </datafield>
  <datafield tag="650" ind1=" " ind2="0">
   <subfield code="a">Electronic books.</subfield>
  </datafield>
  <datafield tag="700" ind1="1" ind2=" ">
   <subfield code="a">Suyama, Yoshihisa.</subfield>
   <subfield code="e">editor.</subfield>
  </datafield>
  <datafield tag="710" ind1="2" ind2=" ">
   <subfield code="a">SpringerLink (Online service).</subfield>
  </datafield>
  <datafield tag="856" ind1="4" ind2="0">
   <subfield code="z">Available for University of the Philippines Diliman via SpringerLink. Click here to access</subfield>
   <subfield code="u">http://link.springer.com/book/10.1007/978-4-431-53901-8</subfield>
  </datafield>
  <datafield tag="856" ind1=" " ind2=" ">
   <subfield code="a">(viewed 19 May 2014)</subfield>
  </datafield>
  <datafield tag="905" ind1=" " ind2=" ">
   <subfield code="a">FO</subfield>
  </datafield>
  <datafield tag="950" ind1=" " ind2=" ">
   <subfield code="a">Monograph</subfield>
  </datafield>
  <datafield tag="852" ind1="0" ind2=" ">
   <subfield code="a">UPD</subfield>
   <subfield code="b">DMLR</subfield>
  </datafield>
  <datafield tag="942" ind1=" " ind2=" ">
   <subfield code="a">Electronic Resource</subfield>
  </datafield>
 </record>
</collection>
